[Event "I. CLANSKA LIGA ZAHOD 2025"]
[Site "Komenda"]
[Date "2025.09.26"]
[Round "1.5"]
[White "Rusjan, Miran"]
[Black "Keber, Aljosa"]
[Result "1/2-1/2"]
[WhiteElo "2260"]
[BlackElo "2102"]
[PlyCount "85"]
[EventDate "2025.09.26"]
[WhiteTeam "SK NOVA GORICA"]
[BlackTeam "SD DOMZALE"]

1. d4 d5 2. c4 e6 3. Nc3 Nf6 4. Bg5 dxc4 5. e3 c5 6. Bxc4 cxd4 7. exd4 Be7 8.
Nf3 O-O 9. O-O Nc6 10. Rc1 h6 11. Be3 a6 12. Bd3 Nb4 13. Bb1 b5 14. Ne4 Nxe4
15. Bxe4 Nd5 16. Ne5 Bb7 17. Nc6 Bxc6 18. Rxc6 Qd7 19. Rc1 Rfd8 20. Qf3 Bf6 21.
Rc5 Rac8 22. Bxd5 exd5 23. Rfc1 Rxc5 24. Rxc5 Qe6 25. h3 Qe4 26. Qd1 Re8 27. a4
bxa4 28. Qxa4 Bg5 29. Bxg5 hxg5 30. Qd7 Rb8 31. Qxd5 Qe1+ 32. Kh2 Qxf2 33. Qxg5
Qxd4 34. Rd5 Qxb2 35. Rd8+ Rxd8 36. Qxd8+ Kh7 37. Qd3+ g6 38. Qxa6 Qe5+ 39. Kh1
Kg7 40. Qd3 Qe1+ 41. Kh2 Qe5+ 42. Kh1 Qe1+ 43. Kh2 1/2-1/2

[Event "I. CLANSKA LIGA ZAHOD 2025"]
[Site "Komenda"]
[Date "2025.09.26"]
[Round "1.5"]
[White "Debevec, Blaz"]
[Black "Herega, Nejc"]
[Result "0-1"]
[WhiteElo "2133"]
[BlackElo "2259"]
[PlyCount "98"]
[EventDate "2025.09.26"]
[WhiteTeam "SD DOMZALE"]
[BlackTeam "SK NOVA GORICA"]

1. d4 Nf6 2. c4 e6 3. g3 d5 4. Nf3 dxc4 5. Bg2 Nc6 6. Qa4 Bb4+ 7. Bd2 Nd5 8.
Bxb4 Ndxb4 9. a3 b5 10. Qd1 Nd5 11. e4 Nf6 12. Nc3 Rb8 13. O-O O-O 14. d5 exd5
15. exd5 Ne7 16. Nd4 Bb7 17. Nc6 Nxc6 18. dxc6 Qxd1 19. Rfxd1 Bc8 20. a4 a6 21.
axb5 axb5 22. Ra7 Bg4 23. f3 Be6 24. Rb7 b4 25. Ne4 Nd5 26. Nc5 c3 27. bxc3
Nxc3 28. Nxe6 fxe6 29. Rd2 Rxb7 30. cxb7 Rb8 31. f4 Nd5 32. f5 c6 33. fxe6 Rxb7
34. Bxd5 cxd5 35. Rxd5 Kf8 36. Rd2 Ke7 37. Kf2 b3 38. Rb2 Kxe6 39. Ke3 Ke5 40.
Kd3 Kd5 41. Kc3 Ke4 42. Re2+ Kf3 43. Rb2 h5 44. Kd3 g5 45. Kd4 Rb8 46. Kd3 Rd8+
47. Kc3 Ke3 48. Kxb3 Rb8+ 49. Kc3 Ra8 {nejasno (62)} 0-1

[Event "I. CLANSKA LIGA ZAHOD 2025"]
[Site "Komenda"]
[Date "2025.09.26"]
[Round "1.5"]
[White "Zamar Kodelja, Jurij"]
[Black "Markosek, Bine"]
[Result "1/2-1/2"]
[WhiteElo "2232"]
[BlackElo "2020"]
[PlyCount "114"]
[EventDate "2025.09.26"]
[WhiteTeam "SK NOVA GORICA"]
[BlackTeam "SD DOMZALE"]

1. d4 d5 2. Nf3 Nf6 3. e3 e6 4. Bd3 Be7 5. O-O O-O 6. b3 b6 7. Bb2 Bb7 8. c4
Nbd7 9. cxd5 exd5 10. Nbd2 Ne4 11. Qc2 Ndf6 12. Ne5 Nxd2 13. Qxd2 Ne4 14. Qc2
Bd6 15. f3 Nf6 16. a4 c5 17. Rad1 Rc8 18. Qe2 Re8 19. f4 cxd4 20. Bxd4 Qe7 21.
Ng4 Nxg4 22. Qxg4 g6 23. f5 Be5 24. fxg6 fxg6 25. Rf3 Qg7 26. Rdf1 Bxd4 27.
exd4 Rc3 28. b4 Bc8 29. Qh4 Be6 30. Kh1 Rcc8 31. Rf6 Re7 32. h3 Rce8 33. Bb5
Bd7 34. Qg5 Bxb5 35. Qxd5+ Kh8 36. Qxb5 Re1 37. Rxe1 Rxe1+ 38. Rf1 Re7 39. Qc6
h5 40. d5 Rc7 41. Qe8+ Kh7 42. d6 Rd7 43. Re1 Kh6 44. Re6 Rf7 45. Kh2 h4 46.
Re7 Rxe7 47. Qxe7 Qd4 48. d7 Qf4+ 49. Kg1 Qc1+ 50. Kf2 Qf4+ 51. Ke2 Qc4+ 52.
Ke3 Qc3+ 53. Ke2 Qc4+ 54. Ke3 Qc3+ 55. Kf2 Qd2+ 56. Kf1 Qf4+ 57. Ke2 Qc4+
1/2-1/2

[Event "I. CLANSKA LIGA ZAHOD 2025"]
[Site "Komenda"]
[Date "2025.09.26"]
[Round "1.5"]
[White "Skok, Joze"]
[Black "Sundac, Ivano"]
[Result "0-1"]
[WhiteElo "1948"]
[BlackElo "2236"]
[PlyCount "122"]
[EventDate "2025.09.26"]
[WhiteTeam "SD DOMZALE"]
[BlackTeam "SK NOVA GORICA"]

1. e4 c5 2. c3 g6 3. Nf3 Bg7 4. d4 cxd4 5. cxd4 d5 6. exd5 Nf6 7. Nc3 O-O 8.
Bc4 Nbd7 9. O-O Nb6 10. Bb3 Nbxd5 11. h3 b6 12. Qe2 Bb7 13. Bg5 e6 14. Rfe1 a6
15. Rac1 h6 16. Bh4 b5 17. Bg3 Qb6 18. Be5 Nxc3 19. Rxc3 a5 20. Bc7 Qa6 21. a3
Rac8 22. Be5 Rxc3 23. bxc3 Rc8 24. Rc1 Qa8 25. Ne1 Bc6 26. f3 Qb7 27. Nd3 Bd5
28. Bxd5 Qxd5 29. Nc5 Nd7 30. Nxd7 Qxd7 31. Bxg7 Kxg7 32. Qe5+ f6 33. Qe3 Qd5
34. Re1 Rc6 35. Rc1 g5 36. Re1 Qc4 37. Kh1 Qxc3 38. Qe4 Qc4 39. h4 Qd5 40. Qxd5
exd5 41. hxg5 hxg5 42. Re7+ Kg6 43. Rb7 b4 44. axb4 axb4 45. Rxb4 Rc4 46. Rb8
Rxd4 47. Kg1 Rd2 48. g4 Kf7 49. Rb6 Ke7 50. Kf1 Rc2 51. Ke1 Rc7 52. Ke2 Rd7 53.
Kd3 Rd6 54. Rb7+ Ke6 55. Rb8 Ke5 56. Rb1 Kf4 57. Rf1 Re6 58. Kd4 Re5 59. Ra1
Kxf3 60. Rf1+ Kxg4 61. Rxf6 Rf5 0-1

[Event "I. CLANSKA LIGA ZAHOD 2025"]
[Site "Komenda"]
[Date "2025.09.26"]
[Round "1.5"]
[White "Markocic, Tine"]
[Black "Skube, Zan"]
[Result "1/2-1/2"]
[WhiteElo "2110"]
[BlackElo "1835"]
[PlyCount "61"]
[EventDate "2025.09.26"]
[WhiteTeam "SK NOVA GORICA"]
[BlackTeam "SD DOMZALE"]

1. c4 c6 2. Nc3 d5 3. e3 Nf6 4. Nf3 e6 5. b3 Nbd7 6. Qc2 Bd6 7. Bb2 O-O 8. Be2
Qe7 9. d4 b6 10. O-O Bb7 11. e4 dxe4 12. Nxe4 Nxe4 13. Qxe4 f5 14. Qe3 c5 15.
Rad1 Rad8 16. dxc5 Nxc5 17. Be5 Ne4 18. Bxd6 Rxd6 19. Rxd6 Qxd6 20. Rd1 Qe7 21.
Qd4 Ng5 22. Ne5 Nf7 23. Nxf7 Qxf7 24. b4 f4 25. f3 Qc7 26. Qd7 Qe5 27. Bf1 Qe3+
28. Kh1 Rf7 29. Qd8+ Rf8 30. Qd7 Rf7 31. Qd8+ 1/2-1/2

[Event "I. CLANSKA LIGA ZAHOD 2025"]
[Site "Komenda"]
[Date "2025.09.27"]
[Round "2.1"]
[White "Skoberne, Jure"]
[Black "Doric, Darko"]
[Result "1-0"]
[WhiteElo "2546"]
[BlackElo "2444"]
[PlyCount "65"]
[EventDate "2025.09.26"]
[WhiteTeam "SD POSOCJE"]
[BlackTeam "SK NOVA GORICA"]

1. d4 d5 2. Nf3 Nf6 3. Bf4 e6 4. e3 Bd6 5. Nbd2 O-O 6. Bd3 Bxf4 7. exf4 b6 8.
Qe2 c5 9. c3 a5 10. Ne5 Ba6 11. Bxa6 Nxa6 12. O-O Qd6 13. Ndf3 Nc7 14. c4 cxd4
15. Rfd1 Nd7 16. Nxd4 Rac8 17. Nec6 Nc5 18. g3 Rfe8 19. Rac1 g6 20. Qf3 N7a6
21. Ne5 Nc7 22. b3 Kg7 23. Ng4 h5 24. Ne3 Kg8 25. h3 Red8 26. Kg2 Qf8 27. f5
exf5 28. cxd5 Ne4 29. Nc6 Rd7 30. Nxf5 gxf5 31. Qxf5 Qe8 32. Re1 Rxd5 33. Qxc8
1-0

[Event "I. CLANSKA LIGA ZAHOD 2025"]
[Site "Komenda"]
[Date "2025.09.27"]
[Round "2.1"]
[White "Herega, Nejc"]
[Black "Srebrnic, Marko"]
[Result "1/2-1/2"]
[WhiteElo "2259"]
[BlackElo "2331"]
[PlyCount "143"]
[EventDate "2025.09.26"]
[WhiteTeam "SK NOVA GORICA"]
[BlackTeam "SD POSOCJE"]

1. d4 d6 2. Nf3 Bg4 3. g3 Bxf3 4. exf3 Nf6 5. Bg2 e6 6. O-O d5 7. c3 Be7 8. Qb3
Qc8 9. Bg5 Nbd7 10. f4 O-O 11. Nd2 Re8 12. Rfe1 h6 13. Bxf6 Bxf6 14. f5 c6 15.
fxe6 Rxe6 16. Rxe6 fxe6 17. Bh3 Nf8 18. Re1 Qd7 19. f4 Rc8 20. Nf3 c5 21. Qd1
cxd4 22. Nxd4 Bxd4+ 23. Qxd4 b6 24. Re5 Rc4 25. Qe3 d4 26. Qe4 Rc6 27. cxd4 Rd6
28. f5 Rxd4 29. fxe6 Rd1+ 30. Bf1 Qe7 31. Qf3 Rc1 32. Qe2 Ng6 33. Re3 Qc5 34.
Qf2 Rc2 35. Re2 Qxf2+ 36. Kxf2 Rxe2+ 37. Bxe2 Kf8 38. Ke3 Ke7 39. Ke4 Kxe6 40.
b4 Ne7 41. h4 Kf6 42. Bc4 Nc6 43. a3 Ne7 44. Be2 Ke6 45. Bh5 Kd6 46. Bf7 Nc6
47. Bb3 Ne7 48. g4 Ng6 49. h5 Ne7 50. Ba2 Nc6 51. Kf5 Ne7+ 52. Kf4 Nc6 53. g5
hxg5+ 54. Kxg5 Ne7 55. Kf4 Nc6 56. Ke4 Ne7 57. Bf7 Nc6 58. Be8 Ne7 59. Bf7 Nc6
60. Bc4 Ne7 61. Be2 Nc6 62. Bd1 Ne7 63. Kd4 Nf5+ 64. Ke4 Ne7 65. Kd3 Nf5 66. a4
Ke5 67. a5 Nd6 68. Bf3 Kf4 69. Bc6 Ke5 70. Bf3 Kf4 71. Bc6 Ke5 72. Bf3 1/2-1/2

[Event "I. CLANSKA LIGA ZAHOD 2025"]
[Site "Komenda"]
[Date "2025.09.27"]
[Round "2.1"]
[White "Podlesnik, Bogdan"]
[Black "Zamar Kodelja, Jurij"]
[Result "1/2-1/2"]
[WhiteElo "2292"]
[BlackElo "2232"]
[PlyCount "59"]
[EventDate "2025.09.26"]
[WhiteTeam "SD POSOCJE"]
[BlackTeam "SK NOVA GORICA"]

1. e4 c5 2. Nf3 d6 3. d4 cxd4 4. Nxd4 Nf6 5. Nc3 g6 6. Be2 Bg7 7. O-O Nc6 8.
Be3 O-O 9. f4 Qb6 10. Qd3 Ng4 11. Bxg4 Bxd4 12. Bxd4 Qxd4+ 13. Qxd4 Nxd4 14.
Bd1 Be6 15. Rf2 Rac8 16. Rd2 Nc6 17. Nd5 Bxd5 18. Rxd5 Rfd8 19. c3 e6 20. Rd2
Na5 21. Be2 Nc4 22. Rd4 b5 23. Bxc4 bxc4 24. Rad1 Rc6 25. Kf2 Kf8 26. Ke3 Ke7
27. Kd2 Rb8 28. Kc2 Rbc8 29. g3 Ra6 30. a3 1/2-1/2

[Event "I. CLANSKA LIGA ZAHOD 2025"]
[Site "Komenda"]
[Date "2025.09.27"]
[Round "2.1"]
[White "Gregoric, Andraz"]
[Black "Biti, Ozren"]
[Result "0-1"]
[WhiteElo "2231"]
[BlackElo "2270"]
[PlyCount "80"]
[EventDate "2025.09.26"]
[WhiteTeam "SK NOVA GORICA"]
[BlackTeam "SD POSOCJE"]

1. e4 e5 2. Nf3 Nf6 3. Nxe5 Nxe4 4. Qe2 Qe7 5. Qxe4 d6 6. d4 dxe5 7. dxe5 Nc6
8. Bb5 Bd7 9. O-O O-O-O 10. Nc3 Qb4 11. Bxc6 Bxc6 12. Qxb4 Bxb4 13. Bg5 Rd4 14.
Be3 Bxc3 15. bxc3 Rc4 16. Bd4 Ba4 17. e6 f6 18. Rad1 Re8 19. Rd2 Rxe6 20. Rfd1
b6 21. g3 Re7 22. Kf1 Rd7 23. Ke2 c5 24. Be3 Rxc3 25. Rxd7 Bxd7 26. Kd2 Ra3 27.
Ra1 Be6 28. Bf4 Rxa2 29. Rxa2 Bxa2 30. Bd6 Kd7 31. Bf8 g6 32. Kd3 Be6 33. g4
Bd5 34. Ke3 Ke6 35. h4 Bc6 36. Kf4 Ba4 37. c3 Bd1 38. h5 Bc2 39. Bg7 Kf7 40. h6
Ke6 0-1

[Event "I. CLANSKA LIGA ZAHOD 2025"]
[Site "Komenda"]
[Date "2025.09.27"]
[Round "2.1"]
[White "Beletic, Danijel"]
[Black "Sundac, Ivano"]
[Result "0-1"]
[WhiteElo "2269"]
[BlackElo "2236"]
[PlyCount "69"]
[EventDate "2025.09.26"]
[WhiteTeam "SD POSOCJE"]
[BlackTeam "SK NOVA GORICA"]

1. Nf3 d5 2. d4 Nf6 3. e3 c5 4. c3 e6 5. Bd3 Nc6 6. O-O Bd6 7. Nbd2 cxd4 8.
exd4 O-O 9. Re1 Qc7 10. Qe2 g6 11. Ne5 Nh5 12. Ndf3 f6 13. Nxc6 bxc6 14. c4 Nf4
15. Bxf4 Bxf4 16. g3 Bh6 17. Qc2 Qf7 18. Bf1 Bd7 19. Bg2 Rac8 20. Rad1 Rce8 21.
Re2 Re7 22. Ne1 Bc8 23. Nd3 Rfe8 24. f4 dxc4 25. Qxc4 e5 26. Qxf7+ Kxf7 27.
Bxc6 Rd8 28. Bf3 Rxd4 29. fxe5 Bg5 30. exf6 Rxe2 31. Bxe2 Be3+ 32. Kh1 Kxf6 33.
Nf4 Ke5 34. Rxd4 Kxd4 35. Ba6 {nejasno (49)} 0-1

[Event "I. CLANSKA LIGA ZAHOD 2025"]
[Site "Komenda"]
[Date "2025.09.27"]
[Round "2.1"]
[White "Markocic, Tine"]
[Black "Timagin, Petr"]
[Result "1-0"]
[WhiteElo "2110"]
[BlackElo "2312"]
[PlyCount "107"]
[EventDate "2025.09.26"]
[WhiteTeam "SK NOVA GORICA"]
[BlackTeam "SD POSOCJE"]

1. c4 Nf6 2. Nc3 e5 3. Nf3 d6 4. d4 exd4 5. Nxd4 g6 6. g3 Bg7 7. Bg2 O-O 8. O-O
a5 9. Ndb5 Na6 10. Be3 Re8 11. Qd2 Ng4 12. Bf4 Ne5 13. b3 Nc5 14. Rad1 a4 15.
Qc2 axb3 16. axb3 Bf5 17. e4 Bg4 18. f3 Bd7 19. Bc1 Nc6 20. Nd5 Ne6 21. Be3 Ne5
22. Ndc3 Ra6 23. h3 Nc6 24. Nd5 Ne7 25. Ndxc7 Nxc7 26. Nxd6 Rxd6 27. Rxd6 Qc8
28. Kh2 Nc6 29. f4 Bf8 30. Rdd1 Na6 31. Qd2 Be6 32. Qf2 f5 33. exf5 gxf5 34.
Rfe1 Nab4 35. Bc5 Bf7 36. Bxf8 Rxf8 37. Qb6 Kg7 38. Rd6 Re8 39. Rxe8 Bxe8 40.
Qe3 Bg6 41. Qc3+ Kh6 42. Qf6 Qc7 43. h4 Qe7 44. Qxe7 Nxe7 45. Rd7 Ng8 46. Rxb7
Nd3 47. b4 Nf6 48. c5 Ng4+ 49. Kg1 Ne3 50. c6 Ne1 51. Re7 N1xg2 52. c7 Kh5 53.
c8=Q Kg4 54. Kf2 1-0

[Event "I. CLANSKA LIGA ZAHOD 2025"]
[Site "Komenda"]
[Date "2025.09.27"]
[Round "2.2"]
[White "Zidar, Jernej"]
[Black "Plaskan, Jure"]
[Result "0-1"]
[WhiteElo "2036"]
[BlackElo "2215"]
[PlyCount "64"]
[EventDate "2025.09.26"]
[WhiteTeam "SK KOMENDA"]
[BlackTeam "SD DOMZALE"]

1. d4 Nf6 2. c4 e6 3. g3 d5 4. Bg2 Bb4+ 5. Nd2 O-O 6. Ngf3 c5 7. cxd5 cxd4 8.
Nxd4 Nxd5 9. O-O Nf4 10. gxf4 Qxd4 11. e3 Qd6 12. Qb3 Qe7 13. e4 Rd8 14. Nc4
Nc6 15. a3 Bc5 16. Qh3 Nd4 17. b4 Ne2+ 18. Kh1 Bd4 19. Rb1 Bd7 20. Qf3 Nc3 21.
Bb2 Nxb1 22. Bxd4 Bb5 23. Bxg7 Kxg7 24. Rxb1 Bxc4 25. Qc3+ Qf6 26. Qxc4 Rac8
27. Qb5 Qxf4 28. Rg1 Rc1 29. Qh5 Rxg1+ 30. Kxg1 Rd2 31. Bf3 h6 32. h4 Rd3 0-1

[Event "I. CLANSKA LIGA ZAHOD 2025"]
[Site "Komenda"]
[Date "2025.09.27"]
[Round "2.2"]
[White "Keber, Aljosa"]
[Black "Perme, Martin"]
[Result "1-0"]
[WhiteElo "2102"]
[BlackElo "1836"]
[PlyCount "43"]
[EventDate "2025.09.26"]
[WhiteTeam "SD DOMZALE"]
[BlackTeam "SK KOMENDA"]

1. e4 c5 2. Nf3 d6 3. d4 cxd4 4. Nxd4 Nf6 5. Nc3 g6 6. Be3 Bg7 7. f3 O-O 8. Qd2
Nc6 9. O-O-O Bd7 10. g4 Rc8 11. Kb1 Ne5 12. h4 Nc4 13. Bxc4 Rxc4 14. h5 Qc8 15.
hxg6 fxg6 16. Rh4 Rf7 17. Rdh1 Bh8 18. Nd5 Nxd5 19. exd5 Qf8 20. Qd3 Rxd4 21.
Bxd4 Rxf3 22. Rxh7 1-0

[Event "I. CLANSKA LIGA ZAHOD 2025"]
[Site "Komenda"]
[Date "2025.09.27"]
[Round "2.2"]
[White "Trpin, Alenka"]
[Black "Debevec, Blaz"]
[Result "0-1"]
[WhiteElo "1813"]
[BlackElo "2133"]
[PlyCount "48"]
[EventDate "2025.09.26"]
[WhiteTeam "SK KOMENDA"]
[BlackTeam "SD DOMZALE"]

1. e4 c5 2. Nf3 d6 3. h3 Nc6 4. d4 cxd4 5. Nxd4 e5 6. Nb3 Nf6 7. Nc3 Be6 8. Be3
Be7 9. Qd2 O-O 10. O-O-O a6 11. g4 Rc8 12. Be2 b5 13. g5 Nd7 14. Kb1 Nb6 15.
Nd5 Nc4 16. Bxc4 bxc4 17. Nc1 Bxd5 18. Qxd5 Nb4 19. Qd2 c3 20. Qe2 cxb2 21. Nb3
Nxc2 22. Qxa6 Ra8 23. Qb6 Na3+ 24. Kxb2 Nc4+ 0-1

[Event "I. CLANSKA LIGA ZAHOD 2025"]
[Site "Komenda"]
[Date "2025.09.27"]
[Round "2.2"]
[White "Markosek, Bine"]
[Black "Hribar, Izak"]
[Result "1-0"]
[WhiteElo "2020"]
[BlackElo "1706"]
[PlyCount "87"]
[EventDate "2025.09.26"]
[WhiteTeam "SD DOMZALE"]
[BlackTeam "SK KOMENDA"]

1. e4 c5 2. Nf3 Nc6 3. Bb5 e6 4. O-O Nge7 5. c3 a6 6. Ba4 b5 7. Bc2 d5 8. d4 c4
9. e5 Bb7 10. Ng5 h6 11. Qh5 g6 12. Qh3 Bg7 13. Nxe6 fxe6 14. Qxe6 Qd7 15.
Bxg6+ Kd8 16. Qf7 Nxg6 17. Qxg6 Kc7 18. Qg3 Kb6 19. f4 Rhg8 20. Qf3 Raf8 21. b3
Nd8 22. Ba3 Rf7 23. Bc5+ Kc7 24. f5 Bf8 25. Qf4 Kc6 26. Rf3 Bxc5 27. dxc5 Rfg7
28. Qxh6+ Kc7 29. g3 d4 30. Rf2 Rh7 31. Qd6+ Qxd6 32. cxd6+ Kd7 33. cxd4 Rxg3+
34. Kf1 Rf3 35. Rxf3 Bxf3 36. Nd2 Bg4 37. Ne4 Rxh2 38. Nf6+ Kc6 39. d5+ Kb7 40.
Kg1 Rh4 41. e6 Nxe6 42. dxe6 Bxf5 43. e7 Bg6 44. d7 1-0

[Event "I. CLANSKA LIGA ZAHOD 2025"]
[Site "Komenda"]
[Date "2025.09.27"]
[Round "2.2"]
[White "Cimperman, Teo"]
[Black "Skok, Joze"]
[Result "1/2-1/2"]
[WhiteElo "1661"]
[BlackElo "1948"]
[PlyCount "58"]
[EventDate "2025.09.26"]
[WhiteTeam "SK KOMENDA"]
[BlackTeam "SD DOMZALE"]

1. e4 e6 2. d4 d5 3. exd5 exd5 4. Nf3 Nf6 5. Bd3 Bg4 6. c3 Be7 7. h3 Bh5 8. Bf4
O-O 9. O-O Bd6 10. Be5 c6 11. Re1 Be7 12. Nbd2 Nbd7 13. Qc2 Re8 14. Rad1 a5 15.
a4 Bg6 16. Bxg6 hxg6 17. Qb3 Qb6 18. Qc2 c5 19. Qd3 c4 20. Qc2 Qc6 21. b3 b6
22. bxc4 dxc4 23. Qa2 Rac8 24. Bxf6 gxf6 25. Qc2 Bd6 26. Ne4 Kg7 27. Nxd6 Qxd6
28. Qd2 Qc6 29. Qc2 Qd6 1/2-1/2

[Event "I. CLANSKA LIGA ZAHOD 2025"]
[Site "Komenda"]
[Date "2025.09.27"]
[Round "2.2"]
[White "Skube, Zan"]
[Black "Zagar, Katarina"]
[Result "1-0"]
[WhiteElo "1835"]
[BlackElo "1542"]
[PlyCount "57"]
[EventDate "2025.09.26"]
[WhiteTeam "SD DOMZALE"]
[BlackTeam "SK KOMENDA"]

1. c4 Nf6 2. g3 c5 3. Bg2 Nc6 4. Nc3 g6 5. Nf3 Bg7 6. d4 cxd4 7. Nxd4 O-O 8.
Nc2 d6 9. O-O a6 10. b3 Ne4 11. Nxe4 Bxa1 12. Nxa1 a5 13. Nc2 a4 14. Bh6 Re8
15. Qa1 f6 16. Qb2 axb3 17. axb3 Ne5 18. Bd2 f5 19. Nc3 Rb8 20. Nd4 Bd7 21. Rd1
Qb6 22. Nd5 Qd8 23. Nc3 Nc6 24. Ndb5 Ne5 25. Bf4 Nf7 26. Qd2 Bc6 27. Be3 Ra8
28. Nd5 Bxb5 29. cxb5 1-0

[Event "I. CLANSKA LIGA ZAHOD 2025"]
[Site "Komenda"]
[Date "2025.09.27"]
[Round "2.3"]
[White "Krupenko, Peter"]
[Black "Belyaletdinov, Leonard"]
[Result "1/2-1/2"]
[WhiteElo "1968"]
[BlackElo "2130"]
[PlyCount "119"]
[EventDate "2025.09.26"]
[WhiteTeam "SK TRZIN"]
[BlackTeam "TAJFUN - SK LJUBLJANA"]

1. Nf3 Nf6 2. d4 d5 3. c4 e6 4. g3 b6 5. Bg2 Bb7 6. O-O Bd6 7. Nc3 Nbd7 8. b3
O-O 9. Bb2 c5 10. cxd5 exd5 11. Nb5 Bb8 12. dxc5 bxc5 13. Rc1 Qb6 14. Nc3 Qe6
15. Na4 Bd6 16. Ng5 Qf5 17. Qd2 h6 18. Nf3 Rac8 19. Qc2 Qh5 20. Nh4 Ne4 21. Nc3
Ndf6 22. Nb5 Bb8 23. Bxf6 Nxf6 24. Nf5 Rce8 25. Nbd6 Bxd6 26. Nxd6 Rxe2 27.
Qxc5 Ba6 28. Qxa7 Rxa2 29. Nb5 Ng4 30. h3 Ne5 31. Rfd1 Nf3+ 32. Kh1 Ng5 33.
Rxd5 Qe2 34. Nc3 Qxf2 35. Qxf2 Rxf2 36. h4 Ne6 37. Ra5 Bd3 38. Rd5 Bg6 39. b4
Rc8 40. Rd6 Rb2 41. Bh3 Be4+ 42. Kg1 Kh7 43. b5 Ba8 44. b6 Rb3 45. Ne2 Rxc1+
46. Nxc1 Rxg3+ 47. Kh2 Rf3 48. Nd3 Nf4 49. Bg4 Rf1 50. Nxf4 Rxf4 51. Kg3 Rb4
52. h5 Be4 53. Rd7 f5 54. Be2 f4+ 55. Kf2 Rxb6 56. Rd4 Bf5 57. Rxf4 Bc2 58. Kg3
Rb3+ 59. Rf3 Rxf3+ 60. Bxf3 1/2-1/2

[Event "I. CLANSKA LIGA ZAHOD 2025"]
[Site "Komenda"]
[Date "2025.09.27"]
[Round "2.3"]
[White "Marinko, Peter"]
[Black "Jakob, Matthias"]
[Result "1-0"]
[WhiteElo "2071"]
[BlackElo "1996"]
[PlyCount "125"]
[EventDate "2025.09.26"]
[WhiteTeam "TAJFUN - SK LJUBLJANA"]
[BlackTeam "SK TRZIN"]

1. Nf3 Nf6 2. g3 b6 3. d4 Bb7 4. Bg2 e6 5. O-O Be7 6. c4 O-O 7. Nc3 Ne4 8. Qc2
Nxc3 9. Qxc3 d6 10. Re1 Qc8 11. e4 Nd7 12. Bd2 a5 13. Qc2 e5 14. d5 Nc5 15. b3
Qd8 16. a3 a4 17. b4 Nb3 18. Rad1 Bc8 19. h3 f5 20. Be3 h6 21. exf5 Bxf5 22.
Qe2 Rf7 23. Nd2 Bc2 24. Nxb3 Bxd1 25. Qxd1 axb3 26. Qxb3 Bg5 27. Rc1 Bxe3 28.
Qxe3 Qe8 29. c5 bxc5 30. bxc5 Qa4 31. cxd6 cxd6 32. Be4 Qa7 33. Bg6 Rff8 34.
Qd2 Qxa3 35. Bb1 Rac8 36. Rc6 Rxc6 37. dxc6 Qc5 38. Be4 Kf7 39. Kg2 Ke7 40. Qb2
Qa7 41. Bf3 Rb8 42. Qc2 Kd8 43. Qh7 Qf7 44. Qd3 Qe7 45. Bd5 Qf6 46. Qa3 Qe7 47.
Be4 Qc7 48. Qf3 Qe7 49. h4 Kc7 50. Qa3 Kd8 51. Bg6 Qc7 52. Be4 Ke7 53. Qf3 Rf8
54. Qg4 Kd8 55. Bd5 Rf6 56. Qa4 Ke7 57. Qc2 Kd8 58. f3 Qe7 59. Qb1 Qc7 60. Qa2
Ke7 61. Qa8 Rf8 62. Qa4 Qb6 63. Qg4 1-0

[Event "I. CLANSKA LIGA ZAHOD 2025"]
[Site "Komenda"]
[Date "2025.09.27"]
[Round "2.3"]
[White "Suhadolnik, Jernej"]
[Black "Glavac, Leo"]
[Result "0-1"]
[WhiteElo "1887"]
[BlackElo "1974"]
[PlyCount "92"]
[EventDate "2025.09.26"]
[WhiteTeam "SK TRZIN"]
[BlackTeam "TAJFUN - SK LJUBLJANA"]

1. b4 d5 2. Bb2 Nf6 3. e3 Bf5 4. h3 e6 5. a3 Nbd7 6. d3 h6 7. g4 Bg6 8. f4 c5
9. c3 Qc7 10. Nd2 Bd6 11. Be2 Rc8 12. Ngf3 O-O 13. O-O Qb6 14. d4 cxd4 15. Nxd4
e5 16. fxe5 Nxe5 17. Qb3 Ne4 18. Nxe4 Bxe4 19. Rae1 Nc4 20. Bc1 Qc7 21. Bf3
Rfe8 22. Nb5 Qd7 23. Nxd6 Qxd6 24. Qa2 Bd3 25. Rf2 Qg3+ 26. Bg2 Be4 27. Qe2 Ne5
28. Bd2 Bxg2 29. Rxg2 Nf3+ 30. Kf1 Qxh3 31. Rd1 Nh4 32. Kg1 Qxg2+ 33. Qxg2 Nxg2
34. Kxg2 Re4 35. Kf3 f5 36. gxf5 Rf8 37. a4 Rxf5+ 38. Ke2 h5 39. a5 g5 40. a6
bxa6 41. Ra1 h4 42. Rxa6 h3 43. Rxa7 h2 44. Ra1 g4 45. b5 g3 46. b6 Re7 0-1

[Event "I. CLANSKA LIGA ZAHOD 2025"]
[Site "Komenda"]
[Date "2025.09.27"]
[Round "2.3"]
[White "Srebrnic, Vojko"]
[Black "Porenta, Matija"]
[Result "1-0"]
[WhiteElo "1964"]
[BlackElo "1831"]
[PlyCount "143"]
[EventDate "2025.09.26"]
[WhiteTeam "TAJFUN - SK LJUBLJANA"]
[BlackTeam "SK TRZIN"]

1. e4 c5 2. Nc3 d6 3. f4 Nc6 4. Nf3 Nf6 5. Bb5 e6 6. O-O Be7 7. d3 Qc7 8. a4
O-O 9. h3 Bd7 10. Be3 a6 11. Bc4 Nb4 12. Ba2 b5 13. Bb1 Rfd8 14. axb5 axb5 15.
Rxa8 Rxa8 16. Ne2 Nc6 17. c3 e5 18. d4 cxd4 19. cxd4 exd4 20. Nexd4 Nxd4 21.
Nxd4 Qb7 22. Qd3 g6 23. Re1 Re8 24. Bf2 Bf8 25. Bh4 Bg7 26. Bf2 Nh5 27. Qf3 Bc6
28. Nxc6 Qxc6 29. Ba2 Nf6 30. e5 Qxf3 31. gxf3 dxe5 32. fxe5 Nh5 33. e6 fxe6
34. Rxe6 Rxe6 35. Bxe6+ Kf8 36. b3 Ke7 37. Bc8 Kd6 38. Be3 b4 39. Kf2 Bc3 40.
Ke2 Ke5 41. Kd3 Kd5 42. f4 Ng3 43. Bb7+ Ke6 44. Bf2 Nf5 45. Bc8+ Kd5 46. Ba6
Nd6 47. Be3 Bf6 48. Bd2 Kc5 49. Be3+ Kd5 50. Bf2 h6 51. Ba7 g5 52. fxg5 hxg5
53. Be3 Be7 54. Ke2 Ke4 55. Bd3+ Ke5 56. Bc1 Ne4 57. Kf3 Nc5 58. Bb2+ Ke6 59.
Bc2 Bf6 60. Bc1 Be7 61. Bd2 Kf6 62. Bxb4 Nxb3 63. Bc3+ Kf7 64. Bxb3+ Kg6 65.
Kg4 Bd6 66. Bc2+ Kh6 67. Kf5 Be7 68. Ke6 Bc5 69. Bf5 Be3 70. Kf7 Bf2 71. Bg4
Kh7 72. Bg7 1-0

[Event "I. CLANSKA LIGA ZAHOD 2025"]
[Site "Komenda"]
[Date "2025.09.27"]
[Round "2.3"]
[White "Bajec, Borut"]
[Black "Jaksa, Ema"]
[Result "0-1"]
[WhiteElo "1727"]
[BlackElo "1825"]
[PlyCount "64"]
[EventDate "2025.09.26"]
[WhiteTeam "SK TRZIN"]
[BlackTeam "TAJFUN - SK LJUBLJANA"]

1. d4 d5 2. Nf3 Nf6 3. c4 dxc4 4. Nc3 a6 5. a4 Nc6 6. e4 Bg4 7. Be3 Bxf3 8.
Qxf3 Nxd4 9. Bxd4 Qxd4 10. Rd1 Qc5 11. Be2 c6 12. O-O e6 13. Qg3 g6 14. Qc7 Bg7
15. a5 O-O 16. Na4 Qb4 17. Nb6 Rab8 18. Nxc4 Nxe4 19. Rd3 Rfc8 20. Qf4 f5 21.
Rfd1 Nf6 22. Rd6 Nd5 23. Qg5 Re8 24. Rd7 Bf6 25. Qh6 Re7 26. Nb6 Qxb2 27. Bf1
Bg7 28. Qh4 Qf6 29. Qg3 Rbe8 30. h3 Rxd7 31. Nxd7 Qe7 32. Ne5 f4 0-1

[Event "I. CLANSKA LIGA ZAHOD 2025"]
[Site "Komenda"]
[Date "2025.09.27"]
[Round "2.3"]
[White "Samotorcan, Gal"]
[Black "Markic, Vladimir"]
[Result "1-0"]
[WhiteElo "1692"]
[BlackElo "1753"]
[PlyCount "63"]
[EventDate "2025.09.26"]
[WhiteTeam "TAJFUN - SK LJUBLJANA"]
[BlackTeam "SK TRZIN"]

1. e4 e5 2. Nf3 Nc6 3. Bb5 d6 4. O-O Nf6 5. Re1 Be7 6. c3 O-O 7. d3 Bg4 8. Nbd2
a6 9. Ba4 b5 10. Bc2 h6 11. Nf1 Nh7 12. d4 Bxf3 13. Qxf3 exd4 14. Bd2 Bg5 15.
Rad1 Bxd2 16. Rxd2 dxc3 17. Qxc3 Ne5 18. Bb3 Qe7 19. f4 Nd7 20. Qxc7 Rfd8 21.
e5 Nhf8 22. Rxd6 Rdc8 23. Qb7 Rcb8 24. Qf3 Nc5 25. Bd5 Ra7 26. f5 Qg5 27. Qf2
Rc8 28. Re3 Kh8 29. a4 Qg4 30. Rg3 Qh4 31. Qe3 Qe7 32. Rxh6+ 1-0

[Event "I. CLANSKA LIGA ZAHOD 2025"]
[Site "Komenda"]
[Date "2025.09.27"]
[Round "2.4"]
[White "Stevanic, David"]
[Black "Feinig, Mario"]
[Result "1-0"]
[WhiteElo "2311"]
[BlackElo "2192"]
[PlyCount "67"]
[EventDate "2025.09.26"]
[WhiteTeam "SK KOCEVJE"]
[BlackTeam "SK STARI MAYR KRANJ"]

1. e4 c6 2. d4 d5 3. Nc3 dxe4 4. Nxe4 Nf6 5. Nxf6+ exf6 6. c3 Bd6 7. Bd3 O-O 8.
Qc2 Re8+ 9. Ne2 h5 10. Be3 Nd7 11. O-O-O Nf8 12. c4 Be6 13. Nc3 Ng6 14. d5 cxd5
15. Bxg6 fxg6 16. Qxg6 Qc8 17. Qd3 d4 18. Bxd4 Bxc4 19. Qc2 Qe6 20. Kb1 Rac8
21. Qg6 Bf8 22. f3 Qa6 23. Qxh5 Bf7 24. Qf5 Rc6 25. a4 Bb3 26. Rde1 Rd8 27. Qb5
Qxb5 28. axb5 Rcd6 29. Bc5 Rd2 30. Bxf8 Kxf8 31. Rhg1 R8d4 32. Re3 Rf2 33. Ne2
Rxg2 34. Rxg2 1-0